ENQUÈTE PARLEMENTAIRE SUR LE RÉGIME DES ÉTABLISSEMENTS PÉNITENTIAIRES. (Record no. 73403)
[ view plain ]
| 000 -LEADER | |
|---|---|
| fixed length control field | 01127nam a2200313 i 4500 |
| 003 - CONTROL NUMBER IDENTIFIER | |
| control field | EG-GICUC |
| 005 - DATE AND TIME OF LATEST TRANSACTION | |
| control field | 20260426091200.0 |
| 008 - FIXED-LENGTH DATA ELEMENTS--GENERAL INFORMATION | |
| fixed length control field | 260426s1875 fr |||fr|||| 00| 0 fra d |
| 040 ## - CATALOGING SOURCE | |
| Original cataloging agency | EG-GiCUC |
| Language of cataloging | fre |
| Transcribing agency | EG-GiCUC |
| Modifying agency | EG-GiCUC |
| Description conventions | Rda |
| 041 ## - LANGUAGE CODE | |
| Language code of text/sound track or separate title | fre |
| 082 04 - DEWEY DECIMAL CLASSIFICATION NUMBER | |
| Edition number | 21 |
| Classification number | 343.766044 |
| Item number | EN |
| 092 04 - LOCALLY ASSIGNED DEWEY CALL NUMBER (OCLC) | |
| Edition number | 21 |
| 099 ## - LOCAL FREE-TEXT CALL NUMBER (OCLC) | |
| Classification number | Law1 10 343.766044 EN 1875 |
| 245 00 - TITLE STATEMENT | |
| Title | ENQUÈTE PARLEMENTAIRE SUR LE RÉGIME DES ÉTABLISSEMENTS PÉNITENTIAIRES. |
| Number of part/section of a work | Tome Troisieme, |
| Name of part/section of a work | PROCÈS-VERBAUX DE LA COMMISSION. |
| 264 #1 - PRODUCTION, PUBLICATION, DISTRIBUTION, MANUFACTURE, AND COPYRIGHT NOTICE | |
| Place of production, publication, distribution, manufacture | Paris : |
| Name of producer, publisher, distributor, manufacturer | Imprimerie Nationale, |
| Date of production, publication, distribution, manufacture, or copyright notice | 1875. |
| 300 ## - PHYSICAL DESCRIPTION | |
| Extent | 626 page ; |
| Dimensions | 24 cm. |
| 336 ## - CONTENT TYPE | |
| Source | rda contenu |
| Content type term | texte |
| 337 ## - MEDIA TYPE | |
| Source | rda medias |
| Media type term | Ordinateur |
| 338 ## - CARRIER TYPE | |
| Source | transporteur rda |
| Carrier type term | Ressource en ligne |
| 490 ## - SERIES STATEMENT | |
| Series statement | ASSEMBLÉE NATIONALE. 1873 |
| Volume/sequential designation | N° 1676. |
| 500 ## - GENERAL NOTE | |
| General note | ANNEXE AU PROCÉS VERBAL DE LA SEANCE DU 18 MARS 1873) |
| 546 ## - LANGUAGE NOTE | |
| Language note | Texte en français |
| 650 14 - SUBJECT ADDED ENTRY--TOPICAL TERM | |
| Topical term or geographic name entry element | Prisons et établissements pénitentiaires et correctionnels |
| Source of heading or term | qrmak |
| 650 14 - SUBJECT ADDED ENTRY--TOPICAL TERM | |
| Topical term or geographic name entry element | Droit pénal international |
| 651 1# - SUBJECT ADDED ENTRY--GEOGRAPHIC NAME | |
| Source of heading or term | qrmak |
| 856 40 - ELECTRONIC LOCATION AND ACCESS | |
| Uniform Resource Identifier | <a href="https://fll.law.cu.edu.eg/fulltext/bks/B10-11507.pdf">https://fll.law.cu.edu.eg/fulltext/bks/B10-11507.pdf</a> |
| 905 ## - Cataloger and Reviser Names | |
| Cataloger Name: | Mayar Adel |
| 942 ## - ADDED ENTRY ELEMENTS (KOHA) | |
| Source of classification or shelving scheme | Dewey Decimal Classification |
| Koha item type | Books |
| Edition | 21 |
| Suppress in OPAC | No |
| Withdrawn status | Lost status | Source of classification or shelving scheme | Damaged status | Not for loan | Collection | Home library | Current library | Date acquired | Total checkouts | Full call number | Barcode | Date last seen | Copy number | Price effective from | Koha item type |
|---|---|---|---|---|---|---|---|---|---|---|---|---|---|---|---|
| Dewey Decimal Classification | Not for loan | القانون الجنائي | جــــامعة القــاهرة | مكتبة كلية الحقوق - المبنى الرئيسي | 26.04.2026 | Law1 10 343.766044 EN 1875 1011507 V3, C1 | B10-11507 | 26.04.2026 | 1 | 26.04.2026 | Books |